| 000 | 01006nam0a22002531 4500 | ||
|---|---|---|---|
| 001 | rc\3784825 | ||
| 005 | 20250530045745.0 | ||
| 035 | _a(NLR Aleph) 007233258 | ||
| 090 |
_a7734084 _c7734084 |
||
| 100 | _a20120207d1975 |||y0rusy50 ca | ||
| 101 | 0 | _arus | |
| 102 | _aRU | ||
| 105 | _ay z ||||| | ||
| 200 | 1 | _aОрганизация материального стимулирования на машиностроительных предприятиях | |
| 210 |
_aЛенинград _cМашиностроение _d1975 |
||
| 215 | _a64 с. | ||
| 225 | 1 |
_aЭкономическая библиотека инженера-машиностроителя _vВып. 15 |
|
| 700 | 1 |
_aЛайков _bА.М. _gАнатолий Михайлович |
|
| 801 | 0 |
_aRU _bNLR _gpsbo |
|
| 801 | 1 |
_aRU _bELAR _2rusmarc |
|
| 830 | _aИсточник: Изд-во "Машиностроение". Издания за 1975 год. М., 1977, с. 117, № 351 | ||
| 852 |
_aNLR _jDesideratum |
||
| 942 | _cBOOK | ||
| 980 | _aNB | ||